| 000 | 00482pab a2200169 454500 | ||
|---|---|---|---|
| 008 | 180718b2008 xxu||||| |||| 00| 0 eng d | ||
| 100 | _aGala, Paulo | ||
| 245 | _aReal exchange rate levels and economic development: theoretical analysis and econometric evidence | ||
| 260 | _c2008 | ||
| 300 | _ap.273-88. | ||
| 362 | _aMar | ||
| 650 | _aEconomic and social development | ||
| 650 | _aExchange rates | ||
| 773 | _aCambridge Journal of Economics | ||
| 908 | _aN | ||
| 909 | _a78503 | ||
| 999 |
_c78503 _d78503 |
||